000 00471nam a2200157 i 4500
001 40708
003 ES-MaACL
005 20230906160308.0
007 t|
008 030306s1950 sp ||||1| spa d
100 1 _aCarreras, Carlos N.
_935651
245 1 0 _aHostos
_b: apostol de la libertad /
_cCarlos N. Carreras.
260 _aMadrid :
_b[s.n.],
_c1950 (
_fImp. Juan Bravo)
300 _a214 p., 1 lám. :
_bretr. aut. ;
_c22 cm.
852 _aES-MaACL
_jD-5339
_bR.31197
999 _c40708
_d40708